Statistics for Canada Provinces by Abbreviation

Click here to take the quiz!

General Stats

  • This quiz has been taken 13,590 times
  • The average score is 9 of 13

Answers on the Map

Answers color-coded by a green-red scale on the quiz's map according to % correct below.
 

Answer Stats

AbbvProvince / Territory% Correct
ONOntario
88%
ABAlberta
86%
BCBritish Columbia
85%
QCQuebec
80%
SKSaskatchewan
75%
PEPrince Edward Island
73%
NTNorthwest Territories
66%
MBManitoba
63%
NSNova Scotia
63%
NUNunavut
61%
NL
Newfoundland and
Labrador
60%
NBNew Brunswick
54%
YTYukon
31%

Score Distribution

Percentile by Number Answered

Percent of People with Each Score

Your Score History

You have not taken this quiz